[Event "Oberliga NRW 9798 II"]
[Site "Germany"]
[Date "1998.??.??"]
[Round "8.3"]
[White "Adamski, Andrzej"]
[Black "Huebner, Wolfgang"]
[Result "0-1"]
[WhiteElo "2335"]
[BlackElo "2159"]
[PlyCount "104"]
[EventDate "1997.10.??"]
[EventType "team"]
[EventRounds "9"]
[EventCountry "GER"]
[SourceTitle "EXT 1999"]
[Source "ChessBase"]
[SourceDate "1998.11.16"]
[SourceVersion "1"]
[SourceVersionDate "1998.11.16"]
[SourceQuality "1"]
[WhiteTeam "Letmathe"]
[BlackTeam "Koeln Porz III"]
[WhiteTeamCountry "GER"]
[BlackTeamCountry "GER"]

1. e4 e6 2. d4 d5 3. Nc3 dxe4 4. Nxe4 Nd7 5. Nf3 Ngf6 6. Nxf6+ Nxf6 7. c3 Be7 8. Bd3 0-0 9. 0-0 b6 10. Re1 Bb7 11. Qe2 Qd5 12. Bg5 h6 13. Bf4 Bd6 14. Be5 Rfd8 15. c4 Qa5 16. a3 Bxe5 17. dxe5 Nd7 18. b4 Qa4 19. Bc2 Bxf3 20. gxf3 Qa6 21. Be4 Rab8 22. Bc6 Nf8 23. Red1 Rxd1+ 24. Rxd1 Qxa3 25. b5 a5 26. bxa6 Qxa6 27. f4 Qa5 28. Qe4 Qc5 29. Ba4 Ng6 30. Bc2 Qe7 31. Kh1 Rd8 32. Rg1 Qh4 33. Qg2 Qxf4 34. h3 Qxe5 35. Bxg6 fxg6 36. Qxg6 Rf8 37. Rg2 Qf6 38. Qg3 Rf7 39. Qe3 Rd7 40. Qe4 Rd4 41. Qc6 Rd1+ 42. Rg1 Rxg1+ 43. Kxg1 Qg5+ 44. Kf1 Qe5 45. h4 Kh7 46. Kg2 Kg6 47. Qe8+ Kf5 48. Qh5+ Ke4 49. Qe2+ Kf5 50. Qh5+ Kf6 51. Qe8 Qe4+ 52. Kg3 Qg6+ 0-1